|
|
|
|
| LEADER |
00986nam a22002537a 4500 |
| 001 |
32487 |
| 003 |
BD-DhAAL |
| 005 |
20241110124216.0 |
| 008 |
171130t2010 bg a|||| |||| 00| 0 eng d |
| 040 |
|
|
|a BD-DhAAL
|c BD-DhAAL
|
| 082 |
|
|
|2 22
|a 306.095492
|
| 245 |
|
|
|a Research reports.
|f (2003) :
|b social studies.
|p Volume XXXII.
|
| 260 |
|
|
|a Dhaka :
|b Research and Evaluation Division, BRAC,
|c 2003.
|
| 300 |
|
|
|a 231 pages :
|b illustrations ;
|c 30 cm.
|
| 362 |
|
|
|a Vol. 38
|
| 504 |
|
|
|a Includes bibliographical references
|
| 541 |
|
|
|e 32487
|a BRAC
|
| 610 |
|
|
|a BRAC
|9 14405
|
| 651 |
|
|
|a Bangladesh
|x Social condition.
|9 24143
|
| 710 |
|
|
|a BRAC,
|9 14405
|b Research and Evaluation Division
|
| 852 |
|
|
|a Ayesha Abed Library
|c BRAC Resource Section
|
| 942 |
|
|
|2 ddc
|c BK
|
| 999 |
|
|
|c 38799
|d 38799
|
| 952 |
|
|
|0 0
|1 0
|2 ddc
|4 0
|6 306_095492000000000_RES
|7 1
|8 RPT
|9 62261
|a BRACUL
|b BRACUL
|c BRS
|d 2024-11-10
|e BRAC
|l 0
|o 306.095492 RES
|p 3010032487
|r 2017-12-10
|t 1
|w 2017-12-10
|y BK
|x BRAC; Price not available in register.
|